Shawn Mendes - all songs - Statistiques

Statistiques générales
  • Ce quiz a été pris 42 fois
  • Le résultat moyen est 40 sur 94
Statistiques - réponses
Albums Songs % Correct
Stitches
90%
Treat You Better
83%
Wonder
83%
I Know What You Did Last Summer
77%
Mercy
77%
Shawn Mendes In My Blood
73%
Lost In Japan
73%
Monster
73%
Why
73%
Heart Of Gold
70%
Shawn Mendes Deluxe Senorita
70%
Why Why Why
70%
Illuminate There's Nothing Holdin' Me Back
60%
If I Can't Have You
57%
Handwritten Life Of The Party
57%
feat Lover
57%
Mutual
57%
Roses
57%
Bad Reputation
53%
It'll Be Okay
53%
Nervous
53%
Something Big
53%
The Mountain
53%
Youth
53%
Hallelujah
50%
Imagination
50%
Never Be Alone
50%
Queen
50%
305
47%
Air
47%
Call My Friends
47%
Dream
47%
Kid In Love
47%
Lights On
47%
Look Up At The Stars
47%
Ruin
47%
Strings
47%
Because I Had You
43%
Don't Be A Fool
43%
Higher
43%
Illuminate deluxe Hold On
43%
Honest
43%
No Promises
43%
Wonder (deluxe) Song...
43%
Teach Me How To Love
43%
Aftertaste
40%
Wonder Intro
40%
Nobody Knows
40%
Running Low
40%
Song For No One
40%
Wonder holiday deluxe The Christmas Song
40%
Three Empty Words
40%
When You're Gone
40%
When You're Ready
40%
Always Been You
37%
Can't Imagine
37%
Home
37%
I Don't Even Know Your Name
37%
Like To Be You
37%
Perfectly Wrong
37%
Piece Of You
37%
Summer Of Love
37%
The Weight
37%
Where Were You In The Morning?
37%
Shawn Who I Am
37%
24 Hours
33%
Fallin' All In You
33%
Heavy
33%
Isn't That Enough
33%
Memories
33%
Particular Taste
33%
Rollin' Right Along
33%
That's The Dream
33%
Understand
33%
A Little Too Much
30%
KESI
30%
Like This
30%
Patience
30%
That'll Be The Day
30%
What The Hell Are We Dying For?
30%
Crazy
27%
Show You
27%
This Is What It Takes
27%
Top Of The World
27%
Believe
23%
Handwritten deluxe Bring It Back
23%
Heartbeat
23%
Under Pressure
20%
Handwritten revisited Act Like You Love Me
13%
Rip Up The Recipe
13%
In Beetween
10%
Singles et EP One Of Those Nights
10%
Take A Look At Us Now
7%
Witness Me
7%
Aucun quiz correspondant
Distribution des résultats
% des personnes avec chaque résultat
Percentile par nombre de réponses
Votre historique - résultats
Vous n’avez pas pris ce quiz